| 000 | 00475nam a2200193Ia 4500 | ||
|---|---|---|---|
| 003 | 0100 | ||
| 008 | 130303s9999 xx 000 0 und d | ||
| 020 | _a0910614784 | ||
| 040 | _cARRUPELIB | ||
| 050 | _aHB501.M72146 1992 | ||
| 100 | _aHendrickson, Mark W. (ed.) | ||
| 245 | 4 | _aThe morality of capitalism | |
| 260 | _aNew York | ||
| 260 | _bThe foundation for Economic Education | ||
| 260 | _C1992 | ||
| 300 | _aviii | ||
| 300 | _b 152p. 23cm. | ||
| 942 |
_2lcc _06 |
||
| 999 |
_c60492 _d60492 |
||